| 000 | 00413pam a2200157 a 4500 | ||
|---|---|---|---|
| 020 |
_a9788126517220 _c |
||
| 041 | _aeng | ||
| 082 |
_a543 _bHAM |
||
| 100 | _aHamilton, R. | ||
| 245 |
_aThin Layer Chromatography : Analytical Chemistry By Open Learning _hTextual Documents |
||
| 260 |
_aWeinheim _bJohn Wiley _c2008 |
||
| 300 | _a129. | ||
| 653 | _aAnalytical Chemistry | ||
| 700 | _aHamilton, S. | ||
| 930 | _a2155 | ||
| 999 |
_c75440 _d75440 |
||